| 000 | 00697nam a22002177a 4500 | ||
|---|---|---|---|
| 003 | OSt | ||
| 005 | 20140310182531.0 | ||
| 008 | 130305t xxu||||| |||| 00| 0 eng d | ||
| 020 | _a9719135336 | ||
| 050 |
_aDS 675.8 _b.St775 1996 |
||
| 082 |
_aFIL 920.71 _bSt 1 1996 |
||
| 100 | _aSta. Maria, Felice P. | ||
| 245 |
_aIn excelsis : _bthe mission of Jose P. Rizal, humanist and Philippine national hero / _cFelice Prudente Sta. Maria. |
||
| 260 |
_aMakati City : _bStudio 5 Designs, _cc1996. |
||
| 300 |
_a281 p. : _bcol. ill. ; _c31 cm. |
||
| 650 | _a Rizal, Jose A., 1861-1896 | ||
| 650 |
_a2. Heroes _xBiography _xPhilippines |
||
| 942 |
_2lcc _cBK _kLOC |
||
| 999 |
_c14140 _d14140 |
||